000
00306nam a2200133Ia 4500
005
20260328104344.0
008
260328s9999||||xx |||||||||||||| ||und||
100
_a
Minguet, Eva
245
0
_a
Off Grid House Plans /
_c
Eva Minguet
260
_b
Monsa
300
_a
141 p.
650
_a
BOCETOS
942
_c
BK
999
_c
12228
_d
12228